000 00247nam a2200097Ia 4500
008 220204s9999 xx 000 0 und d
082 _aNR:016 1976
_bRRM
245 0 _aPublications of RRIM for 1976
260 _aKuala Lumpur
_bRRIM
_c1978
942 _cBK
999 _c43428
_d43428